01026 2200349 4500001002100000005001500021035002000036007000300056008004100059040002200100100003400122245007600156300005500232504002900287020002200316082001200338084001400350090001800364090002200382250003200404264003600436264001200472336002100484337003000505338002300535650001900558650002100577850001200598999002200610990002200632990002200654INLIS00000000085831220211228095301 a0010-0421000217ta210316t2020 yoia g ind d aYOPDYOGbinderda0 aEnih Rosamah,d1966-epenulis10aMetode praktis analisis kimia tumbuhan berkayu /cpenulis, Enih Rosamah ax, 55 halaman :bilustrasi, bagan, gambar ;c20 cm aBibliografi : halaman 54 a978-623-02-0774-704223a543 a543 ENI m aDEP 543 ENI m aCB-D.11 2020-1707 aCetakan pertama, Maret 202031aYogyakarta :bDeepublish,c2020 4a© 2020 2rdacontentateks 2rdamediaatanpa perantara 2rdacarrieravolume 4aKimia Analisis 4aTumbuhan berkayu aYOPDYOG aCB-D.11/2020-1707 aCB-D.11/2020-1707 aCB-D.11/2020-1707